[Event "Druzynowe Mistrzostwa Polski Juniorow - Ekstraliga Juniorow 2019"]
[Site "DW Globus Ustron Jaszowiec ul. Turystyczna 6"]
[Date "1899-12-30"]
[Round "3.5"]
[White "Harazinska, Magdalena"]
[Black "Kaczmarska, Joanna"]
[Result "1/2-1/2"]
[WhiteTitle "WFM"]
[BlackTitle "k+"]
[WhiteElo "2004"]
[BlackElo "2010"]

1. d4 e6 2. c4 Bb4+ 3. Bd2 a5 4. Nc3 d5 5. cxd5 exd5 6. Qc2 Nf6 7. a3 Be7 8. Bg5
h6 9. Bh4 O-O 10. e3 b6 11. Bd3 Ba6 12. Nge2 Bxd3 13. Qxd3 Qd7 14. O-O c6 15.
f3 Rd8 16. Rad1 Na6 17. Nc1 c5 18. dxc5 Nxc5 19. Qd2 g5 20. Bg3 Qe6 21. Nb5 Ne8
22. Nd4 Qg6 23. b4 axb4 24. axb4 Nb7 25. Nd3 f6 26. Nc6 Rd7 27. b5 Qg7 28. Ndb4
Bxb4 29. Nxb4 d4 30. exd4 Ned6 31. Qd3 Ra5 32. Ra1 Nxb5 33. Rxa5 bxa5 34. Qxb5
axb4 35. Qxb4 Qf8 36. Qa4 Qd8 37. Re1 Kg7 38. Qc6 Na5 39. Qc5 Nb3 40. Qb4 1/2-1/2

[Event "Druzynowe Mistrzostwa Polski Juniorow - Ekstraliga Juniorow 2019"]
[Site "DW Globus Ustron Jaszowiec ul. Turystyczna 6"]
[Date "1899-12-30"]
[Round "3.6"]
[White "Kandula, Jasmina"]
[Black "Pawicka, Magdalena"]
[Result "0-1"]
[WhiteTitle "II+"]
[BlackTitle "I"]
[WhiteElo "1040"]
[BlackElo "1700"]

1. e4 e5 2. Nf3 Nc6 3. d4 exd4 4. Nxd4 Bb4+ 5. Nc3 Nge7 6. a3 Ba5 7. Be3 O-O 8.
Nb3 Bxc3+ 9. bxc3 d5 10. Bd3 dxe4 11. Bxe4 Bf5 12. Qf3 Ne5 13. Qf4 N5g6 14. Qf3
Nh4 15. Qf4 Neg6 16. Qg3 Bxe4 17. f3 Nf5 18. Qf2 Nxe3 19. Qxe3 Bxc2 20. Nd2 Re8
21. Ne4 Bxe4 22. fxe4 Qh4+ 23. g3 Qxe4 24. Qxe4 Rxe4+ 25. Kf2 Rd8 26. Ra2 Ne5
27. h4 Ng4+ 28. Kf3 f5 29. Rb1 b6 30. a4 Rd3+ 31. Kg2 a5 32. Rba1 Ree3 33. Rb2
Rxg3+ 34. Kf1 Rdf3+ 35. Ke1 Rg1+ 36. Ke2 Re3+ 37. Kd2 Rxa1 0-1

[Event "Druzynowe Mistrzostwa Polski Juniorow - Ekstraliga Juniorow 2019"]
[Site "DW Globus Ustron Jaszowiec ul. Turystyczna 6"]
[Date "1899-12-30"]
[Round "3.7"]
[White "Lukasiewicz, Krzysztof"]
[Black "Kosakowski, Jakub"]
[Result "0-1"]
[WhiteTitle "k"]
[BlackTitle "FM"]
[WhiteElo "2172"]
[BlackElo "2390"]

1. e4 e5 2. Nf3 Nc6 3. Bc4 Bc5 4. Nc3 Nf6 5. d3 d6 6. Na4 Bb6 7. a3 h6 8. h3 O-O
9. Nxb6 axb6 10. O-O Ne7 11. Nh4 g5 12. Nf3 Ng6 13. Re1 Kg7 14. d4 Qe7 15. Nh2
Be6 16. Bxe6 fxe6 17. b3 exd4 18. Qxd4 e5 19. Qc4 Nh5 20. g3 Qd7 21. Kg2 Rf7 22.
Be3 Kh7 23. a4 Rg8 24. Kh1 Rgg7 25. Ng4 Nf6 26. Nxf6+ Rxf6 27. Kh2 g4 28. Qe2
Rf3 29. Rh1 Rgf7 30. Kg2 h5 31. Rae1 Kg8 32. h4 d5 33. Rhf1 d4 34. Bg5 Nf8 35.
Bd2 Ne6 36. Bb4 Qd8 37. Qb5 Qf6 38. Qe2 c5 39. Bd2 Kh7 40. Bc1 c4 41. Bg5 Nxg5
42. hxg5 Qxg5 43. Qxc4 h4 44. gxh4 Qf4 45. Qe2 g3 46. Qc4 gxf2 0-1

[Event "Druzynowe Mistrzostwa Polski Juniorow - Ekstraliga Juniorow 2019"]
[Site "DW Globus Ustron Jaszowiec ul. Turystyczna 6"]
[Date "1899-12-30"]
[Round "3.8"]
[White "Pytel, Maciej"]
[Black "Sernecki, Franciszek"]
[Result "0-1"]
[WhiteTitle "k"]
[BlackTitle "I++"]
[WhiteElo "1988"]
[BlackElo "2283"]

1. e4 e6 2. d4 d5 3. Nc3 Nf6 4. Bg5 dxe4 5. Nxe4 Be7 6. Bxf6 Bxf6 7. Nf3 Nd7 8.
Qd2 O-O 9. Bd3 b6 10. O-O-O Bb7 11. h4 e5 12. g4 exd4 13. Qf4 Nc5 14. g5 Be7 15.
Rhg1 Nxe4 16. Bxe4 Bd6 17. Qg4 Bxe4 18. Qxe4 c5 19. h5 Re8 20. Qd3 Bf4+ 21. Kb1
Qd5 22. Rg4 Be3 23. Nh4 Bxf2 24. Nf5 c4 25. Nh6+ gxh6 26. gxh6+ Kh8 27. Qf1 Qf3
28. Rgxd4 Qe2 29. Qxe2 Rxe2 30. Rxc4 Re1 31. Rxe1 Bxe1 32. Kc1 Rd8 33. c3 Bd2+
34. Kc2 Bxh6 35. Rc7 f5 36. Rxa7 Rf8 37. Kd3 f4 38. Ke2 f3+ 39. Kf1 Be3 40. Re7
Bc5 41. h6 Bxe7 0-1

[Event "Druzynowe Mistrzostwa Polski Juniorow - Ekstraliga Juniorow 2019"]
[Site "DW Globus Ustron Jaszowiec ul. Turystyczna 6"]
[Date "1899-12-30"]
[Round "3.9"]
[White "Bednarczyk, Mateusz"]
[Black "Karolczuk, Iwo"]
[Result "0-1"]
[WhiteTitle "I"]
[BlackTitle "I++"]
[WhiteElo "1529"]
[BlackElo "2031"]

1. e4 c5 2. Nf3 e6 3. d4 cxd4 4. Nxd4 a6 5. c4 Nf6 6. Nc3 Bb4 7. Qd3 Qc7 8. Be2
Nc6 9. Nxc6 dxc6 10. Be3 e5 11. f3 Be6 12. a3 Be7 13. O-O O-O 14. Rad1 b5 15.
cxb5 axb5 16. Qc2 Qb7 17. Ra1 Nd7 18. b4 Nb6 19. Rfc1 Bc4 20. Bxb6 Qxb6+ 21. Kh1
Bg5 22. Rd1 Be6 23. Rd6 Be7 24. Rdd1 Rfc8 25. Qb2 h6 26. Bf1 Ra7 27. Rdb1 Rca8
28. Be2 Bg5 29. Bd1 Rd8 30. Ne2 Rad7 31. Qc3 Qf2 32. Ng3 Bd2 33. Qc5 Be3 0-1

[Event "Druzynowe Mistrzostwa Polski Juniorow - Ekstraliga Juniorow 2019"]
[Site "DW Globus Ustron Jaszowiec ul. Turystyczna 6"]
[Date "1899-12-30"]
[Round "3.10"]
[White "Budzisz, Adrian"]
[Black "Wieczorek, Mikolaj"]
[Result "1-0"]
[WhiteTitle "I"]
[BlackTitle "I"]
[WhiteElo "1796"]
[BlackElo "1751"]

1. d4 Nf6 2. Nf3 g6 3. c3 Bg7 4. Bf4 O-O 5. e3 d6 6. h3 c5 7. dxc5 dxc5 8. Nbd2
b6 9. Be2 Bb7 10. a4 a6 11. Qb3 Nbd7 12. O-O Ne4 13. Nxe4 Bxe4 14. Ng5 Bc6 15.
Ne6 fxe6 16. Qxe6+ Kh8 17. Qxc6 Ne5 18. Qe4 Nf7 19. Rfd1 Nd6 20. Qd5 Rf5 21. Qb3
e5 22. Bg3 Qc7 23. Qd5 Rd8 24. Bxa6 Nf7 25. Qb3 Rf8 26. Bb5 Qe7 27. Bd7 Rf6 28.
Bb5 Rf5 29. e4 Rg5 30. Rd7 Qf6 31. Bh4 Qf4 32. Rxf7 Rxg2+ 33. Kxg2 Rxf7 34. Qd5
Qf3+ 35. Kh2 Rf8 36. Qd3 Qh5 37. Bg3 g5 38. Qe2 Rf3 39. Kg2 Rxg3+ 40. fxg3 Qxe2+
41. Bxe2 1-0

[Event "Druzynowe Mistrzostwa Polski Juniorow - Ekstraliga Juniorow 2019"]
[Site "DW Globus Ustron Jaszowiec ul. Turystyczna 6"]
[Date "1899-12-30"]
[Round "3.11"]
[White "Frej, Zofia"]
[Black "Koruch, Maria"]
[Result "1-0"]
[WhiteTitle "k"]
[BlackTitle "I+"]
[WhiteElo "1903"]
[BlackElo "1677"]

1. d4 d5 2. c4 c6 3. cxd5 cxd5 4. Bf4 Bf5 5. Nc3 Nf6 6. e3 Nc6 7. Qb3 Na5 8. Qa4+
Bd7 9. Qc2 Rc8 10. Bd3 e6 11. h3 Nc4 12. Nge2 b5 13. a3 a5 14. Bxc4 Rxc4 15. Qb3
a4 16. Qd1 Qa5 17. O-O b4 18. axb4 Qxb4 19. Qd3 Be7 20. Ra2 O-O 21. Rfa1 Qb3 22.
Nc1 Qb6 23. Be5 Rfc8 24. N1e2 Qb3 25. Bxf6 Bxf6 26. Qd2 Be7 27. Nc1 Qb4 28. Nd3
Qb7 29. Ne5 Rb4 30. Nxd7 Qxd7 31. Rxa4 Rxa4 32. Nxa4 Ra8 33. b3 Qb5 34. Qc2 g6
35. Rb1 Rb8 36. Nc5 e5 37. Rd1 exd4 38. exd4 Rc8 39. Rc1 Qb4 40. Qc3 Rb8 41. Na6
Qxc3 42. Rxc3 Ra8 43. Rc6 Kg7 44. Nc7 Ra5 45. Ra6 Rxa6 46. Nxa6 Bd8 47. Nb4 f5
48. Nxd5 Kf7 49. Kf1 Ke6 50. Nb4 Ba5 51. Nc2 Kd5 52. Ke2 Ke4 53. f3+ Kd5 54. Kd3
f4 55. Na3 Bb6 56. Nb5 g5 57. Nc3+ Kd6 58. Kc4 h5 59. Ne4+ Ke6 60. Nxg5+ 1-0

[Event "Druzynowe Mistrzostwa Polski Juniorow - Ekstraliga Juniorow 2019"]
[Site "DW Globus Ustron Jaszowiec ul. Turystyczna 6"]
[Date "1899-12-30"]
[Round "3.12"]
[White "Szczotka, Klara"]
[Black "Kulczycka, Zofia"]
[Result "1-0"]
[WhiteTitle "I++"]
[BlackTitle "I"]
[WhiteElo "1786"]
[BlackElo "1275"]

1. e4 c5 2. Nf3 d6 3. Bb5+ Bd7 4. Bxd7+ Qxd7 5. O-O Nc6 6. Re1 g6 7. c3 Bg7 8.
d4 cxd4 9. cxd4 d5 10. e5 e6 11. Nc3 a6 12. Na4 Qc7 13. Be3 Nge7 14. Rc1 O-O 15.
Qb3 b5 16. Nc5 Rfc8 17. g4 Qa7 18. Qd3 Na5 19. Nd2 Nc4 20. b3 Nxe3 21. Qxe3 Nc6
22. a3 b4 23. a4 Bf8 24. Nf3 Nxd4 25. Qxd4 Rxc5 26. Rxc5 Qxc5 27. Qf4 Rc8 28.
Kg2 h6 29. h4 Qc3 30. Re3 Qc7 31. h5 gxh5 32. gxh5 f5 33. Nd4 Qf7 34. Rg3+ Kh7
35. Rg6 Re8 36. Kf1 Qd7 37. Ke2 Re7 38. Rxe6 Rxe6 39. Qxf5+ Kg8 40. Nxe6 Qf7 41.
Qxf7+ Kxf7 42. Nxf8 Kxf8 43. Kd3 Ke7 44. Kd4 Ke6 45. f3 a5 46. f4 Ke7 47. Kxd5
Kd7 48. e6+ Ke7 49. f5 Kf8 50. Kd6 Kg8 51. e7 Kh7 52. e8=Q 1-0

[Event "Druzynowe Mistrzostwa Polski Juniorow - Ekstraliga Juniorow 2019"]
[Site "DW Globus Ustron Jaszowiec ul. Turystyczna 6"]
[Date "1899-12-30"]
[Round "3.13"]
[White "Chylewski, Patryk"]
[Black "Polczyk, Mikolaj"]
[Result "1-0"]
[WhiteTitle "FM"]
[BlackTitle "k"]
[WhiteElo "2400"]
[BlackElo "2182"]

1. d4 Nf6 2. c4 g6 3. Nc3 d5 4. cxd5 Nxd5 5. e4 Nxc3 6. bxc3 Bg7 7. Nf3 c5 8. Bb5+
Bd7 9. Be2 O-O 10. O-O Qa5 11. Qb3 Bc6 12. d5 Ba4 13. Qxb7 Nd7 14. Bf4 Bxc3 15.
Rab1 Rfe8 16. Rfc1 Bb4 17. Bc7 Nb6 18. h4 Ba3 19. d6 Bxc1 20. Rxc1 Qb4 21. e5
exd6 22. Bxd6 Rad8 23. Ng5 Rd7 24. Qf3 Qb2 25. Rxc5 Qb1+ 26. Kh2 Qf5 27. Ne4 Re6
28. Nf6+ Rxf6 29. Qa8+ Nxa8 30. Rc8+ Kg7 31. Bf8+ Kg8 32. Bh6+ 1-0

[Event "Druzynowe Mistrzostwa Polski Juniorow - Ekstraliga Juniorow 2019"]
[Site "DW Globus Ustron Jaszowiec ul. Turystyczna 6"]
[Date "1899-12-30"]
[Round "3.14"]
[White "Panek, Bartosz"]
[Black "Kokoszczynski, Jan"]
[Result "1/2-1/2"]
[WhiteTitle "I"]
[BlackTitle "k"]
[WhiteElo "2033"]
[BlackElo "2238"]

1. d4 e6 2. c4 Nf6 3. Nc3 Bb4 4. f3 c5 5. d5 O-O 6. e4 d6 7. Bd3 b5 8. Nge2 exd5
9. cxd5 a6 10. O-O Nbd7 11. Bg5 c4 12. Bc2 Bc5+ 13. Nd4 Qb6 14. Nce2 a5 15. Kh1
h6 16. Bh4 Re8 17. Nf5 Kh8 18. g4 Nh7 19. h3 Ndf6 20. Nfd4 Bd7 21. Rg1 b4 22.
Rg2 a4 23. Nf5 Bxf5 24. gxf5 b3 25. axb3 axb3 26. Rxa8 Rxa8 27. Bb1 Ra1 28. Kh2
Be3 29. Qe1 Nh5 30. f6 g5 31. Bg3 N7xf6 32. e5 Nxg3 33. exf6 Nh5 34. f4 Nxf6 35.
Qc3 Kg7 36. fxg5 hxg5 37. h4 Rxb1 38. hxg5 Rf1 39. gxf6+ Kf8 40. Qxc4 Rxf6 41.
Rg4 Qc5 42. Qxb3 Rf2+ 43. Kg3 Bg5 44. Qb8+ Ke7 45. Re4+ Kf6 46. Qh8+ Kg6 47. Qg8+
Kf6 48. Qh8+ Kg6 49. Qg8+ Kf6 50. Qh8+ 1/2-1/2

[Event "Druzynowe Mistrzostwa Polski Juniorow - Ekstraliga Juniorow 2019"]
[Site "DW Globus Ustron Jaszowiec ul. Turystyczna 6"]
[Date "1899-12-30"]
[Round "3.15"]
[White "Fiszer, Bartosz"]
[Black "Jeda, Maciej"]
[Result "0-1"]
[WhiteTitle "CM"]
[BlackTitle "I"]
[WhiteElo "2105"]
[BlackElo "1798"]

1. e4 c5 2. Nf3 d6 3. d4 cxd4 4. Nxd4 Nf6 5. Nc3 g6 6. Be3 Bg7 7. f3 O-O 8. Qd2
Nc6 9. O-O-O d5 10. Qe1 e5 11. Nxc6 bxc6 12. exd5 Nxd5 13. Bc4 Be6 14. Kb1 Rb8
15. Ne4 Qc7 16. Bc5 Rfd8 17. Bb3 Bf5 18. Rf1 a5 19. Ka1 Bf8 20. Bxd5 cxd5 21.
Nf6+ Kg7 22. Bxf8+ Kxf8 23. Nxd5 Qd6 24. Qxa5 Bxc2 25. Rd2 Ra8 26. Qc3 Rxa2+ 27.
Kxa2 Ra8+ 28. Qa3 Rxa3+ 29. bxa3 Ba4 30. Rff2 Qc5 31. Nb4 Qc4+ 32. Kb1 Qb3+ 33.
Rb2 Qxa3 34. Rfd2 Qe3 35. h3 Bb3 36. Nd3 Qg1+ 37. Nc1 Be6 38. Rb8+ Kg7 39. Kb2
Qe3 40. Rbd8 Qb6+ 41. Kc3 Qc5+ 42. Kb2 Qb4+ 43. Kc2 Qc4+ 44. Kb2 f5 45. Rb8 e4
46. Rb7+ Kf6 47. Rb6 Kg5 48. Kb1 Bd5 49. fxe4 Qxe4+ 50. Nd3 Qd4 51. h4+ Kh6 52.
Rbb2 Qxh4 53. Nf2 Bxg2 54. Nd3 Qd4 55. Rxg2 Qxd3+ 56. Ka2 Qa6+ 57. Kb3 g5 58.
Kc3 g4 59. Rh2+ Kg6 60. Kd4 Qd6+ 61. Ke3 Qe5+ 62. Kd3 h5 63. Rhe2 Qd5+ 64. Ke3
Qf3+ 65. Kd2 Kg5 66. Rb6 g3 67. Ree6 g2 68. Rg6+ Kh4 69. Rb1 Qd5+ 70. Kc2 f4 71.
Rg7 Qc4+ 0-1

[Event "Druzynowe Mistrzostwa Polski Juniorow - Ekstraliga Juniorow 2019"]
[Site "DW Globus Ustron Jaszowiec ul. Turystyczna 6"]
[Date "1899-12-30"]
[Round "3.16"]
[White "Piechota, Kamil"]
[Black "Grzadka, Artur"]
[Result "1-0"]
[WhiteTitle "I"]
[BlackTitle "I"]
[WhiteElo "1641"]
[BlackElo "1582"]

1. e4 c5 2. c3 d5 3. exd5 Qxd5 4. d4 Nc6 5. Nf3 Bg4 6. Be2 cxd4 7. cxd4 e6 8. O-O
Nf6 9. h3 Bh5 10. Nc3 Qa5 11. a3 Be7 12. Qb3 Bxf3 13. Bxf3 Nxd4 14. Qxb7 Nxf3+
15. Qxf3 O-O 16. Be3 Rab8 17. b4 Qa6 18. Rfc1 Rfc8 19. Bf4 Bd6 20. Bxd6 Qxd6 21.
Ne4 Nxe4 22. Qxe4 Qd2 23. Rd1 Qc3 24. Qd4 Qxd4 25. Rxd4 Rc7 26. Rad1 h6 27. Rd7
Rbc8 28. b5 Kf8 29. a4 Ke8 30. R7d4 Rc1 31. Rd8+ Rxd8 32. Rxc1 Rd4 33. a5 Rb4
34. Rc7 Rxb5 35. Rxa7 Rb1+ 36. Kh2 Ra1 37. Kg3 g6 38. Kf3 Ra3+ 39. Ke4 Ra2 40.
a6 Rxf2 41. Rb7 Rxg2 42. a7 Ra2 43. Rb8+ Ke7 44. a8=Q Rxa8 45. Rxa8 Kf6 46. h4
g5 47. h5 Kg7 48. Ke5 1-0

[Event "Druzynowe Mistrzostwa Polski Juniorow - Ekstraliga Juniorow 2019"]
[Site "DW Globus Ustron Jaszowiec ul. Turystyczna 6"]
[Date "1899-12-30"]
[Round "3.17"]
[White "Moscicka, Pola"]
[Black "Bilczewska, Olga"]
[Result "1-0"]
[WhiteTitle "k++"]
[BlackTitle "I++"]
[WhiteElo "1858"]
[BlackElo "1691"]

1. d4 c5 2. d5 e5 3. c4 d6 4. Nc3 g6 5. g3 Bg7 6. Bg2 Ne7 7. Nf3 O-O 8. O-O f5
9. Ng5 a6 10. Qb3 Qc7 11. Na4 b5 12. cxb5 axb5 13. Qxb5 Ra5 14. Qb6 Qxb6 15. Nxb6
Rb5 16. Nxc8 Rxc8 17. Ne6 Bh8 18. a4 Rb4 19. Bg5 Kf7 20. Ra2 Na6 21. Bd2 Rb3 22.
Bc3 Nb4 23. Bxb4 Rxb4 24. a5 Ra8 25. a6 Nc8 26. Nd8+ Ke8 27. Nc6 Rb6 28. a7 Rb7
29. e4 fxe4 30. Bxe4 Nb6 31. Rc1 Bf6 32. h4 Bd8 33. Rc3 Rf7 34. Rb3 Bc7 35. Ra6
Nc8 36. Rb8 Bxb8 37. axb8=Q Rxb8 38. Nxb8 Rb7 39. Nc6 Rxb2 40. Ra8 Kd7 41. Bg2
Kc7 42. Bh3 1-0

[Event "Druzynowe Mistrzostwa Polski Juniorow - Ekstraliga Juniorow 2019"]
[Site "DW Globus Ustron Jaszowiec ul. Turystyczna 6"]
[Date "1899-12-30"]
[Round "3.18"]
[White "Bugaj, Hanna"]
[Black "Zabrzanska, Weronika"]
[Result "1/2-1/2"]
[WhiteTitle "I"]
[BlackTitle "I++"]
[WhiteElo "1566"]
[BlackElo "1748"]

1. d4 d5 2. Nf3 e6 3. e3 Nf6 4. Bd3 c5 5. b3 Bd6 6. Bb2 Nc6 7. O-O Qc7 8. a3 e5
9. dxe5 Nxe5 10. Bb5+ Bd7 11. Bxd7+ Nfxd7 12. Qxd5 Nf6 13. Qd1 Nxf3+ 14. Qxf3
Bxh2+ 15. Kh1 Be5 16. Bxe5 Qxe5 17. Nd2 Qd5 18. Qxd5 Nxd5 19. c4 Nf6 20. Rad1
Ke7 21. Nb1 Rhd8 22. Nc3 Rxd1 23. Rxd1 Rd8 24. Rxd8 Kxd8 25. f3 a6 26. Kg1 Kd7
27. Kf2 Kc6 28. a4 Nd7 29. e4 Ne5 30. Ke3 Kd6 31. Nd5 Nc6 32. Kd3 h5 33. f4 f6
34. g3 Nd4 35. b4 Ne6 36. b5 Nd4 37. Ke3 Nc2+ 38. Kd2 Nd4 39. Ke3 axb5 40. axb5
Ne6 41. Kf3 Nd4+ 42. Ke3 Ke6 43. f5+ Ke5 44. Nf4 Nc2+ 45. Kd2 Nb4 46. Nxh5 Kxe4
47. Nxg7 Nd3 48. Ne8 Ne5 49. Nxf6+ Kxf5 50. Ne8 Nxc4+ 51. Kc3 Na5 52. Nd6+ Ke5
1/2-1/2

[Event "Druzynowe Mistrzostwa Polski Juniorow - Ekstraliga Juniorow 2019"]
[Site "DW Globus Ustron Jaszowiec ul. Turystyczna 6"]
[Date "1899-12-30"]
[Round "3.19"]
[White "Gazik, Viktor"]
[Black "Nowak, Mikolaj"]
[Result "1-0"]
[WhiteTitle "IM"]
[BlackTitle "I++"]
[WhiteElo "2520"]
[BlackElo "2230"]

1. Nf3 d6 2. d4 g6 3. c4 f5 4. Nbd2 Bg7 5. e4 fxe4 6. Nxe4 Nf6 7. Nc3 O-O 8. h3
Nc6 9. Be3 e5 10. dxe5 dxe5 11. c5 Qe7 12. Bb5 Bd7 13. O-O Rad8 14. Qb3+ Kh8 15.
Rad1 a6 16. Be2 Bc8 17. Rxd8 Rxd8 18. Qa4 Qe8 19. Rd1 Rxd1+ 20. Bxd1 Bd7 21. Qb3
Nd8 22. Qc4 Be6 23. Qh4 Bg8 24. Ba4 c6 25. Bc2 Nd5 26. Bd2 Ne6 27. Ne4 Nef4 28.
Nd6 Qd7 29. Ng5 Bf6 30. Bxf4 exf4 31. Nde4 Bxg5 32. Qxg5 Qe7 33. Qg4 Be6 34. Qd1
Bf5 35. Nd6 Bxc2 36. Qxc2 f3 37. gxf3 Qe1+ 38. Kh2 Qe5+ 39. Kg2 Qg5+ 40. Kf1 Qh4
41. Qe4 Qxh3+ 42. Ke1 Qd7 43. Qe5+ Kg8 44. Ne4 h5 45. a3 Qe7 46. Qb8+ Kg7 47.
Kf1 g5 48. Ng3 Qf7 49. Qe5+ Kg6 50. Qe4+ Kg7 51. Nf5+ Kf6 52. Nd6 Qe6 53. Qh7
Qh3+ 54. Kg1 Qh4 55. Qf5+ Kg7 56. Qf7+ Kh8 57. Nf5 1-0

[Event "Druzynowe Mistrzostwa Polski Juniorow - Ekstraliga Juniorow 2019"]
[Site "DW Globus Ustron Jaszowiec ul. Turystyczna 6"]
[Date "1899-12-30"]
[Round "3.20"]
[White "Posluszny, Tomasz"]
[Black "Godzwon, Iwo"]
[Result "1-0"]
[WhiteTitle "I+"]
[BlackTitle "FM"]
[WhiteElo "1888"]
[BlackElo "2285"]

1. d4 Nf6 2. c4 e6 3. Nc3 Bb4 4. Bf4 O-O 5. Qb3 Nc6 6. e3 d6 7. a3 Ba5 8. Qc2 e5
9. dxe5 dxe5 10. Bg5 Bxc3+ 11. Qxc3 h6 12. Bxf6 Qxf6 13. Nf3 Bg4 14. Be2 Rfd8
15. h3 Bh5 16. b4 Re8 17. b5 Nb8 18. Rd1 Qe7 19. Qd2 Qxa3 20. g4 Bg6 21. g5 hxg5
22. Rg1 Bf5 23. Rxg5 Be6 24. Rxe5 Nd7 25. Rxe6 Rxe6 26. Qxd7 Qe7 27. Qxe7 Rxe7
28. Ra1 a5 29. bxa6 Rxa6 30. Rxa6 bxa6 31. Nd4 Re5 32. Kd2 Kf8 33. Nb3 Rg5 34.
Bf3 a5 35. h4 Re5 36. Bc6 Rh5 37. Bb5 Rxh4 38. Nxa5 Rh2 39. Ke2 Ke7 40. Bc6 f6
41. Bd5 Kd6 42. Nc6 g5 43. Kf3 Rh4 44. Kg3 Rh8 45. Kg4 Rh2 46. f3 Rh4+ 47. Kf5
Rh6 48. Nd8 Ke7 49. Ne6 g4 50. fxg4 Rh3 51. Nxc7 Rxe3 52. Be4 Re1 53. Nd5+ Kf7
54. Nf4 Ke7 55. c5 Rf1 56. Bd5 Rc1 57. Ng6+ Kd7 58. Kxf6 Rxc5 59. Be6+ Kd6 60.
Bf5 Rc7 61. Nf8 Rc1 62. g5 Rg1 63. g6 Rxg6+ 64. Nxg6 Kc5 65. Ke5 Kc4 66. Nf4 Kc5
67. Nd3+ Kc4 68. Ke4 Kc3 69. Be6 Kc2 70. Kd4 Kb1 71. Bb3 Ka1 72. Kc3 Kb1 73. Nb4
Ka1 74. Nc2+ Kb1 75. Bc4 Kc1 76. Ba2 Kd1 77. Nd4 Ke1 78. Bd5 Kf2 79. Nf5 Ke1 80.
Bf3 Kf2 81. Bg4 Ke1 82. Kd3 Kf2 83. Kd2 Kf1 84. Ke3 Ke1 85. Nh4 Kf1 86. Be2+ Kg1
87. Kf3 Kh1 88. Kg3 Kg1 89. Ng6 Kh1 90. Nf4 Kg1 91. Nh3+ Kh1 92. Bf3# 1-0

[Event "Druzynowe Mistrzostwa Polski Juniorow - Ekstraliga Juniorow 2019"]
[Site "DW Globus Ustron Jaszowiec ul. Turystyczna 6"]
[Date "1899-12-30"]
[Round "3.21"]
[White "Turski, Bartlomiej"]
[Black "Seemann, Jakub"]
[Result "0-1"]
[WhiteTitle "I"]
[BlackTitle "I+"]
[WhiteElo "1967"]
[BlackElo "2017"]

1. e4 c5 2. Nf3 d6 3. d4 cxd4 4. Nxd4 Nf6 5. Nc3 a6 6. h3 e5 7. Nb3 Be7 8. Be3
Be6 9. f4 Nc6 10. f5 Bxb3 11. axb3 Nb4 12. Bf2 Rc8 13. Rc1 Qa5 14. Bd3 Na2 15.
Ra1 Nxc3 16. Rxa5 Nxd1 17. Kxd1 Bd8 18. Ra4 O-O 19. Re1 Bc7 20. c3 Rfe8 21. g4
Rcd8 22. Bh4 d5 23. Bxf6 gxf6 24. exd5 Rxd5 25. Kc2 Red8 26. Re3 Bb6 27. Rf3 R8d7
28. h4 Bd8 29. g5 fxg5 30. f6 Bxf6 31. Rxf6 Rxd3 32. Rg4 Rd2+ 33. Kb1 Kg7 34.
Rf1 f6 35. hxg5 Rd1+ 36. Rxd1 Rxd1+ 37. Kc2 f5 38. Rh4 Rd7 39. Rh6 f4 40. c4 f3
41. Rh1 e4 42. Rf1 a5 43. Kc3 b6 44. Kc2 Kg6 45. Kc3 Kxg5 46. Kc2 Kf4 47. Kc3
e3 0-1

[Event "Druzynowe Mistrzostwa Polski Juniorow - Ekstraliga Juniorow 2019"]
[Site "DW Globus Ustron Jaszowiec ul. Turystyczna 6"]
[Date "1899-12-30"]
[Round "3.22"]
[White "Oleksy, Krzysztof"]
[Black "Bogusz, Alan"]
[Result "1/2-1/2"]
[WhiteTitle "I"]
[BlackTitle "I"]
[WhiteElo "1878"]
[BlackElo "1730"]

1. e4 c5 2. Nf3 d6 3. d4 cxd4 4. Nxd4 Nf6 5. Nc3 a6 6. Be3 e5 7. Nb3 Be6 8. h3
b5 9. a3 Be7 10. Be2 Nbd7 11. O-O O-O 12. Kh1 Rc8 13. f4 exf4 14. Bxf4 Ne5 15.
Nd4 Nfd7 16. Nd5 Bxd5 17. exd5 Bf6 18. c3 Qc7 19. Nc6 Nxc6 20. dxc6 Ne5 21. Bxe5
Bxe5 22. Bg4 Rce8 23. Bd7 Re7 24. a4 Qb6 25. axb5 Qxb5 26. Qd2 Qc4 27. Qg5 f6
28. Qg4 Qb5 29. h4 Kh8 30. c4 Qb6 31. Ra2 Ra8 32. h5 Ra7 33. Qh3 Qd4 34. b3 Qe4
35. Qg4 Qd3 36. Qf3 Qd4 37. Qg4 Qb6 38. Qh3 Kg8 39. Rc2 Bd4 40. Qf3 Re5 41. Re2
Qc5 42. Rxe5 Qxe5 43. Bc8 Rc7 44. Bd7 Ra7 45. Qg4 Kf8 46. Rd1 Bc5 47. Qh4 Bb4
48. h6 g6 49. Rf1 Kf7 50. Qg4 Qe3 51. Qh3 Qe5 52. Qg4 Qe3 53. Qh3 Qe4 54. Rd1
Qe5 55. Qf3 Kf8 56. Rf1 Kf7 57. Qd5+ Qxd5 58. cxd5 Bd2 59. Rf2 Bxh6 60. Re2 f5
61. Re8 Bd2 62. Rb8 Ba5 63. b4 Bc7 64. Rc8 a5 65. b5 a4 66. Rxc7 Rxc7 67. b6 a3
68. bxc7 a2 69. Be6+ Kf6 70. c8=Q a1=Q+ 71. Kh2 Qe5+ 72. Kh1 Qe1+ 73. Kh2 Qh4+
1/2-1/2

[Event "Druzynowe Mistrzostwa Polski Juniorow - Ekstraliga Juniorow 2019"]
[Site "DW Globus Ustron Jaszowiec ul. Turystyczna 6"]
[Date "1899-12-30"]
[Round "3.23"]
[White "Jarocka, Liwia"]
[Black "Kucharska, Honorata"]
[Result "1-0"]
[WhiteTitle "FM"]
[BlackTitle "WFM"]
[WhiteElo "2102"]
[BlackElo "2054"]

1. e4 e5 2. Nf3 Nc6 3. Nc3 Nf6 4. Bb5 Bd6 5. d3 h6 6. h3 O-O 7. g4 Nh7 8. Ne2 Qf6
9. Ng3 Nd4 10. Nxd4 exd4 11. Nh5 Qe7 12. Bc4 Bb4+ 13. Kf1 c6 14. a3 b5 15. Ba2
Bd6 16. f4 Qh4 17. Qf3 Bb7 18. Ng3 g6 19. e5 Bc7 20. Bd2 Kh8 21. Be1 Qe7 22. Bb4
d6 23. Re1 c5 24. Qxb7 cxb4 25. Kg2 bxa3 26. bxa3 dxe5 27. fxe5 Qc5 28. Re2 Rae8
29. Rhe1 Ng5 30. h4 Ne6 31. Rf2 Re7 32. Qe4 Qxa3 33. Bxe6 Rxe6 34. Qf4 Kh7 35.
h5 g5 36. Qxd4 Qa4 37. Qd7 Kg8 38. Ref1 Bb6 39. Rxf7 Qxc2+ 40. Kh3 1-0

[Event "Druzynowe Mistrzostwa Polski Juniorow - Ekstraliga Juniorow 2019"]
[Site "DW Globus Ustron Jaszowiec ul. Turystyczna 6"]
[Date "1899-12-30"]
[Round "3.24"]
[White "Kucharska, Helena"]
[Black "Hertlein, Irena"]
[Result "0-1"]
[WhiteTitle "I"]
[BlackTitle "I++"]
[WhiteElo "1543"]
[BlackElo "1612"]

1. e4 c5 2. Nf3 a6 3. c4 b6 4. d4 cxd4 5. Nxd4 Bb7 6. Nc3 e6 7. a3 Qc7 8. Be2 Nf6
9. f3 Be7 10. Be3 d6 11. O-O O-O 12. Qc2 Nbd7 13. b3 Rac8 14. f4 d5 15. e5 Ne8
16. a4 g6 17. Rac1 Qb8 18. Qb2 dxc4 19. Bxc4 Ng7 20. Rfd1 Rfd8 21. Qe2 Qa8 22.
Nc2 Nf5 23. Nd4 Nxd4 24. Bxd4 Bc5 25. Bxc5 Nxc5 26. b4 Ne4 27. Nxe4 Bxe4 28. Bxa6
Rxc1 29. Rxc1 Bxg2 30. Rc7 Bf3 31. Qc4 Bh1 32. Qe2 Rd1+ 33. Kf2 Qg2+ 34. Ke3 Qe4+
35. Kf2 Qxf4+ 36. Qf3 Qxf3# 0-1

[Event "Druzynowe Mistrzostwa Polski Juniorow - Ekstraliga Juniorow 2019"]
[Site "DW Globus Ustron Jaszowiec ul. Turystyczna 6"]
[Date "1899-12-30"]
[Round "3.25"]
[White "Czechowski, Jakub"]
[Black "Kozak, Antoni"]
[Result "1-0"]
[WhiteTitle "I+"]
[BlackTitle "k++"]
[WhiteElo "1922"]
[BlackElo "2365"]

1. d4 g6 2. c4 Bg7 3. Nc3 c5 4. d5 Bxc3+ 5. bxc3 f5 6. d6 Nf6 7. Bg5 b6 8. h4 e6
9. h5 Kf7 10. e4 Nc6 11. Nf3 Qg8 12. Bd3 Bb7 13. Qd2 Rf8 14. Bxf6 Kxf6 15. Qg5+
1-0

[Event "Druzynowe Mistrzostwa Polski Juniorow - Ekstraliga Juniorow 2019"]
[Site "DW Globus Ustron Jaszowiec ul. Turystyczna 6"]
[Date "1899-12-30"]
[Round "3.26"]
[White "Mis, Mieszko"]
[Black "Koziorowicz, Michal"]
[Result "1-0"]
[WhiteTitle "FM"]
[BlackTitle "I++"]
[WhiteElo "2284"]
[BlackElo "1985"]

1. Nf3 f5 2. g3 Nf6 3. Bg2 d6 4. d4 e6 5. c4 Be7 6. O-O O-O 7. Qc2 Nc6 8. Rd1 Bd7
9. Nc3 Qe8 10. d5 exd5 11. Nxd5 Bd8 12. Bg5 Rc8 13. Nxf6+ Bxf6 14. Bxf6 Rxf6 15.
c5 b6 16. cxd6 cxd6 17. Qb3+ Be6 18. Qa3 d5 19. Rac1 f4 20. Ng5 Nd4 21. Rxc8 Nxe2+
22. Kh1 Bxc8 23. Bxd5+ Kh8 24. Nf7+ Rxf7 25. Bxf7 Bb7+ 26. f3 Qc8 27. Qd3 Nd4
28. Qxd4 Bxf3+ 29. Kg1 Bxd1 30. Qxd1 fxg3 31. hxg3 Qc7 32. Qf3 Qc1+ 33. Kg2 Qxb2+
34. Kh3 g6 35. Bb3 Kg7 36. Qf7+ Kh6 37. Qf8+ Qg7 38. Qf4+ g5 39. Qd6+ Qg6 40.
Qxg6+ Kxg6 41. Bc2+ Kh6 42. Kg4 b5 43. Bd3 b4 44. Bc2 a5 45. Kf5 Kh5 46. Bd1+
Kh6 47. Kf6 g4 48. Kf5 Kg7 49. Bxg4 a4 50. Bd1 b3 51. Bxb3 1-0